000 00852nam a2200277 i 4500
001 bg
003 BPK
005 20220728111948.0
008 980811s1998 pl a f f |000 0 pol
015 _aPB 1998/10152
020 _a8301126280
040 _aWA N
_cBPK
080 _a336.71
080 _a(07)
100 1 _aDobosiewicz, Zbigniew
_d(1939-2014)
_eAutor
245 1 0 _aPodstawy bankowości /
_cZbigniew Dobosiewicz.
250 _aWyd. 2 uaktual.
260 _aWarszawa :
_bWydaw. Naukowe PWN,
_c1998.
300 _a213, [2] s. :
_bmapa, wykr. ;
_c21 cm.
504 _aBibliogr. s. 213-[214].
650 4 _aBanki
655 4 _aPodręcznik
710 2 _aWydawnictwo Naukowe PWN
_4pbl.
942 _2UKD
_cKS
856 _uhttp://koha.tu.koszalin.pl/cgi-bin/koha/opac-detail.pl?biblionumber=34328
_yKatalog online BPK
999 _c34328
_d34328